| 000 | 00637pam a2200193 a 4500 | ||
|---|---|---|---|
| 999 |
_c19 _d19 |
||
| 008 | 900822s1991 nyua b 001 0 eng | ||
| 020 | _a8122414702 | ||
| 040 | _aIMU-KC | ||
| 041 | 0 | _aENGLISH | |
| 082 | 0 | 0 |
_a621.3815 C5528 _22nd ed. |
| 100 | 2 | _aRoy Choudhury, D. | |
| 245 | 1 | 0 |
_aLinear integrated circuits / _cD. Roy Choudhury, Shail B. Jain. |
| 260 |
_aNew Delhi _bNew Age International (P) Limited _c2003 |
||
| 300 |
_aix, 423 p. : _bill. ; _c25 cm. |
||
| 504 | _aIncludes bibliographical references (p. 414-415) and index. | ||
| 650 | 0 |
_aElectrical Engineering _xLinear Integrated Circuits |
|
| 700 | 1 | _aJain, Shail. | |
| 942 |
_2ddc _cBK |
||